| 000 | 00553nam a22001817a 4500 | ||
|---|---|---|---|
| 003 | BD-DhUL | ||
| 005 | 20180814104712.0 | ||
| 008 | 180814s2007 ua ||||| |||| 00| 0 ara d | ||
| 040 |
_aBD-DhUL _cBD-DhUL |
||
| 082 |
_a892.7 _bHEN |
||
| 100 | 1 | _aھلال، محمد غنیمی | |
| 245 | 1 |
_aالنقد الأدبی الحدیث / _cمحمد غنیمی ھلال _b |
|
| 260 |
_aالقاهرة : _bیھضہ مصر، _c۲۰۰۷۔ |
||
| 300 |
_aص۔ ۶۶۸ ؛ _c۲۵ سم۔ |
||
| 365 |
_aBDT _b1000.00 |
||
| 650 | 4 | _aArabic literature | |
| 942 |
_2ddc _cBK |
||
| 999 |
_c243140 _d243140 |
||